Human resource management : an international and comparative perspective on the employment relationship
Αποθηκεύτηκε σε:
| Κύριος συγγραφέας: | |
|---|---|
| Άλλοι συγγραφείς: | |
| Μορφή: | Βιβλίο |
| Γλώσσα: | English |
| Δημοσίευση: |
London :
Pitman Publishing,
c1995
|
| Θέματα: | |
| Ετικέτες: |
Προσθήκη ετικέτας
Δεν υπάρχουν, Καταχωρήστε ετικέτα πρώτοι!
|
MARC
| LEADER | 00000nam a2200000 i 4500 | ||
|---|---|---|---|
| 001 | 1/55505 | ||
| 008 | 980415s1995 eng d | ||
| 020 | |a 0273603337 | ||
| 035 | |l 10027861 | ||
| 040 | |a GR-MY-UA |b gre |e aacr | ||
| 041 | 0 | |a eng | |
| 082 | 0 | |a 658.3 | |
| 100 | 1 | |a Hollinshead, Graham. | |
| 245 | 1 | 0 | |a Human resource management : |b an international and comparative perspective on the employment relationship / |c Graham Hollinshead ; Mike Leat |
| 260 | |a London : |b Pitman Publishing, |c c1995 | ||
| 300 | |a xi, 337 p. | ||
| 504 | |a Includes index | ||
| 650 | 0 | 0 | |a Personnel management. |
| 700 | 1 | |a Leat, Mike. | |
| 852 | |a INST |b CHIOS |e 19980415 |h 658.3 HOL |p 005200009532 |q 005200009532 |t BK |y 0 | ||
| 901 | |a BIBL-1998-1 | ||
| 909 | |a Χ |b 054408 | ||
| 922 | |a 2ΕΛΗ |b 199803 |c ΤΔΕ |d ΠΑΠΑΣΩΤΗΡΙΟΥ | ||